[Event "X Open Primavera"]
[Site "Robecchetto con Induno ITA"]
[Date "2013.05.02"]
[Round "4"]
[White "Nava, Mario"]
[Black "Redamante, Marzio"]
[WhiteElo "1265"]
[BlackElo "1545"]
[Result "0-1"]
[PlyCount "166"]
[EventDate "2013.04.04"]

1. Nf3 c5 2. c4 Nc6 3. Nc3 g6 4. e3 Bg7 5. d4 cxd4 6. exd4 d6 7. h3 Nf6 8. Be2
O-O 9. O-O Bf5 10. d5 Nb4 11. Nd4 Bd7 12. a3 Na6 13. Be3 Nc5 14. Qc1 Re8 15.
Bh6 Bh8 16. Bf3 Nxd5 17. cxd5 Bxd4 18. Ne4 Nxe4 19. Bxe4 Rc8 20. Qd2 Qb6 21.
Rab1 Ba4 22. Kh1 Bb5 23. Bd3 Bxd3 24. Qxd3 Rc7 25. Be3 Bxe3 26. fxe3 Rec8 27.
Qe2 Rc2 28. Qf3 Rf8 29. b4 Rc3 30. Rfe1 Rxa3 31. Qe4 Re8 32. Rb2 Rc3 33. Qf4
Qb5 34. Rf1 Qxd5 35. Rbf2 Rf8 36. Rf3 Rc4 37. Qh6 Rxb4 38. Rg3 Qe5 39. Rg5 Qg7
40. Qxg7+ Kxg7 41. Ra5 a6 42. Rc1 e6 43. Rc7 d5 44. Ra3 Ra8 45. Rac3 a5 46. Rd7
b5 47. Rcc7 Rf8 48. Ra7 a4 49. Ra6 Rc8 50. Rxe6 a3 51. Ree7 Rf8 52. Ra7 Rb3 53.
Reb7 b4 54. Rb5 Rb2 55. Rba5 Re8 56. Rxd5 a2 57. Kh2 Rxe3 58. Rd4 Re8 59. Rf4
Rf8 60. Ra4 b3 61. Rfb4 Rb1 62. Rxb3 Rxb3 63. Rxa2 Re8 64. Rd2 Rbe3 65. Rd7 Re2
66. Rd4 Rc8 67. Rg4 Rcc2 68. Rg3 Re1 69. Rf3 Rcc1 70. Kg3 Rh1 71. Kg4 h5+ 72.
Kh4 Rcf1 73. Rd3 Rhg1 74. Rd2 Kh6 75. Kg3 f6 76. h4 g5 77. hxg5+ fxg5 78. Rd6+
Kg7 79. Rd2 h4+ 80. Kg4 Kg6 81. Rd6+ Rf6 82. Rd2 Rf4+ 83. Kh3 Rh1# 0-1

[Event "X Open Primavera"]
[Site "Robecchetto con Induno ITA"]
[Date "2013.05.02"]
[Round "4"]
[White "Ongaro, Andrea"]
[Black "Libutti, Michele"]
[WhiteElo "1719"]
[BlackElo "1717"]
[Result "0-1"]
[PlyCount "128"]
[EventDate "2013.04.04"]

1. e4 c6 2. d4 d5 3. exd5 cxd5 4. c4 Nf6 5. Nc3 e6 6. Nf3 Nc6 7. cxd5 exd5 8.
h3 Be7 9. Bd3 O-O 10. O-O Nb4 11. Bb1 Re8 12. a3 Nc6 13. Re1 Be6 14. Bd3 Rc8
15. Bf4 Bd6 16. Bxd6 Qxd6 17. Rc1 Qf4 18. Ne2 Qd6 19. Ng3 Qf4 20. Ne2 Qd6 21.
Qd2 h6 22. Ng3 Bd7 23. Rxe8+ Rxe8 24. Re1 Rxe1+ 25. Qxe1 Qf4 26. Ne2 Qd6 27.
Qd2 Qe7 28. Nc3 Kf8 29. Kf1 a6 30. Qe2 Qxe2+ 31. Kxe2 Ke7 32. Ke3 Be6 33. Na4
Nd7 34. Nc5 Nxc5 35. dxc5 a5 36. Nd4 Kd7 37. Nxc6 bxc6 38. h4 g6 39. Kd4 f6 40.
Bxg6 Bg4 41. f3 Be6 42. Kc3 Ke7 43. g4 Kd7 44. Kb3 d4+ 45. Kc2 Bc4 46. Bd3 Bd5
47. f4 Ke6 48. b4 axb4 49. a4 Kd7 50. a5 Kc7 51. a6 Kb8 52. h5 Ka7 53. g5 fxg5
54. fxg5 hxg5 55. h6 Bg8 56. h7 Bxh7 57. Bxh7 Kxa6 58. Kb3 Kb5 59. Be4 Kxc5 60.
Bd3 g4 61. Be4 g3 62. Kc2 Kd6 63. Kb3 c5 64. Kc4 Ke5 0-1

[Event "X Open Primavera"]
[Site "Robecchetto con Induno ITA"]
[Date "2013.05.02"]
[Round "4"]
[White "Ruggeri, Igor"]
[Black "Rossi, Enrico"]
[WhiteElo "1578"]
[BlackElo "1486"]
[Result "1/2-1/2"]
[PlyCount "97"]
[EventDate "2013.04.04"]

1. d4 d5 2. c4 e6 3. Nc3 Bb4 4. a3 Bxc3+ 5. bxc3 Nf6 6. Bg5 dxc4 7. e4 h6 8.
Bxf6 Qxf6 9. Bxc4 Qg6 10. Qf3 O-O 11. Ne2 Nc6 12. Bd3 f5 13. e5 Ne7 14. Nf4 Qf7
15. Qh5 Bd7 16. Qxf7+ Rxf7 17. Bc4 Kh8 18. Nxe6 Bxe6 19. Bxe6 Rff8 20. O-O Ng6
21. f4 Rae8 22. d5 b5 23. Rab1 c6 24. Bd7 Re7 25. Bxc6 a6 26. a4 bxa4 27. Bxa4
Rc7 28. Bc6 Rfc8 29. Rb6 a5 30. Ra6 Ne7 31. Rb1 Nxc6 32. dxc6 a4 33. Rxa4 Rxc6
34. c4 Rxc4 35. Rxc4 Rxc4 36. Rb8+ Kh7 37. g3 Kg6 38. Rf8 Re4 39. Kf2 h5 40. h3
Rc4 41. e6 Re4 42. Re8 Kf6 43. Rf8+ Kxe6 44. Re8+ Kd5 45. Rxe4 Kxe4 46. h4 g6
47. Ke2 Kd4 48. Kf3 Kd3 49. Kf2 1/2-1/2

[Event "X Open Primavera"]
[Site "Robecchetto con Induno ITA"]
[Date "2013.05.02"]
[Round "4"]
[White "Santoruvo, Gianfranco"]
[Black "Loaldi, Davide"]
[WhiteElo "1652"]
[BlackElo "1560"]
[Result "1/2-1/2"]
[PlyCount "78"]
[EventDate "2013.04.04"]

1. e4 g6 2. d4 Bg7 3. f4 d6 4. Nf3 e6 5. c4 Ne7 6. Bd3 O-O 7. Be3 c5 8. Nc3 b6
9. Rc1 Nbc6 10. Bb1 e5 11. fxe5 cxd4 12. Nxd4 dxe5 13. Nxc6 Nxc6 14. O-O Qe7
15. Nd5 Qb7 16. Qd2 Nd4 17. Bh6 Be6 18. Nf6+ Bxf6 19. Bxf8 Be7 20. Bxe7 Qxe7
21. Kh1 Rd8 22. Qe3 Rc8 23. Bd3 Qb4 24. b3 Qa3 25. Qd2 Rd8 26. h3 Nc6 27. Qe2
Bc8 28. Bb1 Qe7 29. Qf2 Nd4 30. Rcd1 Bb7 31. Qf6 Rd7 32. h4 Qxf6 33. Rxf6 Kg7
34. Rdf1 Ne2 35. R6f2 Ng3+ 36. Kg1 Nxf1 37. Rxf1 Rd4 38. Re1 f6 39. Kf2 h6
1/2-1/2

[Event "X Open Primavera"]
[Site "Robecchetto con Induno ITA"]
[Date "2013.05.02"]
[Round "4"]
[White "Sartorio, Alessandro"]
[Black "Zanin, Armando"]
[WhiteElo "1233"]
[BlackElo "1673"]
[Result "0-1"]
[PlyCount "106"]
[EventDate "2013.04.04"]

1. e4 c5 2. c4 g6 3. Nc3 Bg7 4. Nf3 Nc6 5. Bd3 e6 6. O-O Nge7 7. Re1 e5 8. b3
O-O 9. Bb2 Nd4 10. Nd5 d6 11. Nxd4 cxd4 12. Rc1 b6 13. b4 Bb7 14. c5 Nxd5 15.
exd5 Bxd5 16. Be4 dxc5 17. bxc5 Bxe4 18. Rxe4 Qd5 19. Qe2 bxc5 20. Ba3 Rfc8 21.
f3 Rab8 22. Rf1 Qxa2 23. Bc1 Re8 24. f4 Qd5 25. d3 f5 26. Rxe5 Rxe5 27. fxe5
Bxe5 28. Qf2 Rb7 29. Re1 Re7 30. Qh4 Re6 31. Re2 Bf6 32. Qe1 Rxe2 33. Qxe2 Kg7
34. Qd2 Qe6 35. g3 Qe3+ 36. Qxe3 dxe3 37. Bxe3 Bd4 38. Kf2 g5 39. Kf3 Kg6 40.
h3 h5 41. Bxd4 cxd4 42. g4 h4 43. gxf5+ Kxf5 44. Kg2 Kf4 45. Kf2 a5 46. Ke2 a4
47. Kf2 a3 48. Kg2 a2 49. Kf2 g4 50. hxg4 Kxg4 51. Kg2 a1=Q 52. Kh2 Qb2+ 53.
Kh1 Kg3 0-1

[Event "X Open Primavera"]
[Site "Robecchetto con Induno ITA"]
[Date "2013.05.02"]
[Round "4"]
[White "Testa, Loris"]
[Black "Pogliano, Stefano"]
[WhiteElo "1926"]
[BlackElo "1988"]
[Result "0-1"]
[PlyCount "68"]
[EventDate "2013.04.04"]

1. e4 c5 2. Nf3 Nc6 3. d4 cxd4 4. Nxd4 Nf6 5. Nc3 e5 6. Nf3 Bb4 7. Bd3 O-O 8.
O-O Bxc3 9. bxc3 Qe7 10. c4 d6 11. h3 h6 12. a4 Be6 13. Ba3 Rac8 14. Rb1 b6 15.
Qe2 Qc7 16. c3 Na5 17. Nd2 Rfd8 18. Rb4 Nd7 19. f4 exf4 20. Rxf4 Ne5 21. Nf3
Nxd3 22. Qxd3 Nxc4 23. Bc1 Ne5 24. Qf1 Bc4 25. Rxc4 Qxc4 26. Qd1 Qxc3 27. Bd2
Nxf3+ 28. Rxf3 Qd4+ 29. Kh2 Qxe4 30. Qf1 Rc2 31. Bf4 d5 32. Rg3 Qe6 33. Re3 Qf6
34. Qd3 Qxf4+ 0-1

[Event "X Open Primavera"]
[Site "Robecchetto con Induno ITA"]
[Date "2013.05.02"]
[Round "4"]
[White "Troiani, Mauro"]
[Black "Ragoso, Mario"]
[WhiteElo "2005"]
[BlackElo "1650"]
[Result "1-0"]
[PlyCount "62"]
[EventDate "2013.04.04"]

1. d4 Nf6 2. c4 g6 3. Nc3 Bg7 4. e4 d6 5. f3 O-O 6. Be3 Nbd7 7. Qd2 c5 8. O-O-O
b6 9. Kb1 cxd4 10. Bxd4 Nc5 11. g4 Bb7 12. Nd5 Nxd5 13. Bxg7 Kxg7 14. cxd5 Rc8
15. h4 Nd7 16. h5 Rh8 17. Nh3 Qe8 18. Qd4+ Kg8 19. Bb5 Rc5 20. Qa4 Bc8 21. Bc6
a5 22. Qd4 Qd8 23. hxg6 fxg6 24. f4 Nb8 25. Ba4 Bxg4 26. Rdg1 h5 27. Ng5 Qc8
28. Rc1 Na6 29. f5 gxf5 30. Ne6 Rh7 31. exf5 Bxf5+ 1-0

[Event "X Open Primavera"]
[Site "Robecchetto con Induno ITA"]
[Date "2013.05.09"]
[Round "5"]
[White "Colombo, Maurizio"]
[Black "Barrera, Pietro"]
[WhiteElo "1769"]
[BlackElo "1902"]
[Result "1/2-1/2"]
[PlyCount "45"]
[EventDate "2013.04.04"]

1. d4 f5 2. Bg5 d6 3. Nc3 Nf6 4. Bxf6 exf6 5. e3 d5 6. a3 c6 7. Nh3 Bd6 8. Bd3
O-O 9. Qd2 Qc7 10. g3 Re8 11. O-O-O b5 12. Nb1 a5 13. b3 Bd7 14. Nf4 Na6 15.
Kb2 Qb7 16. Ne2 Rec8 17. Rhe1 Nc7 18. c3 b4 19. cxb4 axb4 20. a4 g6 21. h4 Ne8
22. h5 g5 23. Qc2 1/2-1/2

[Event "X Open Primavera"]
[Site "Robecchetto con Induno ITA"]
[Date "2013.05.09"]
[Round "5"]
[White "Loaldi, Davide"]
[Black "Ongaro, Andrea"]
[WhiteElo "1560"]
[BlackElo "1719"]
[Result "0-1"]
[PlyCount "56"]
[EventDate "2013.04.04"]

1. d4 Nf6 2. Nf3 d5 3. e3 Bg4 4. c4 e6 5. Nc3 c5 6. Qa4+ Qd7 7. Ne5 Qxa4 8.
Nxa4 cxd4 9. exd4 Bb4+ 10. Bd2 Bxd2+ 11. Kxd2 Bf5 12. cxd5 O-O 13. dxe6 Bxe6
14. Nc3 a6 15. a4 Rd8 16. Ke3 Nbd7 17. Be2 Nb6 18. h3 Nfd5+ 19. Nxd5 Nxd5+ 20.
Kd2 Nf4 21. Bf3 Rxd4+ 22. Kc3 Rd6 23. Rhd1 Rc8+ 24. Kb4 Rb6+ 25. Ka3 Rb3+ 26.
Ka2 Rxf3+ 27. Kb1 Rxf2 28. Ra3 h6 0-1

[Event "X Open Primavera"]
[Site "Robecchetto con Induno ITA"]
[Date "2013.05.09"]
[Round "5"]
[White "Macchiettini, Pierangelo"]
[Black "Libutti, Michele"]
[WhiteElo "1706"]
[BlackElo "1717"]
[Result "1/2-1/2"]
[PlyCount "65"]
[EventDate "2013.04.04"]

1. d4 Nf6 2. c4 g6 3. Nc3 Bg7 4. e4 d6 5. f4 O-O 6. Nf3 c5 7. d5 e6 8. dxe6
Bxe6 9. Be2 Nc6 10. Ng5 Bc8 11. O-O Nd4 12. Be3 Nxe2+ 13. Qxe2 Bg4 14. Qc2 h6
15. Nf3 Re8 16. Rad1 Qe7 17. h3 Bd7 18. e5 Bf5 19. Qf2 Ne4 20. Nxe4 Bxe4 21.
Rxd6 b6 22. Rfd1 Rad8 23. b3 Rxd6 24. Rxd6 Rd8 25. Rd2 Rd7 26. Qe1 Bf5 27. Nh2
Qd8 28. Nf3 Rxd2 29. Bxd2 Qd3 30. Nh4 Be4 31. Qf2 g5 32. Nf3 Bxf3 33. gxf3
1/2-1/2

[Event "X Open Primavera"]
[Site "Robecchetto con Induno ITA"]
[Date "2013.05.09"]
[Round "5"]
[White "Minore, Antonino"]
[Black "Giusti, Francesco"]
[WhiteElo "1286"]
[BlackElo "1559"]
[Result "0-1"]
[PlyCount "83"]
[EventDate "2013.04.04"]

1. e4 c5 2. Nf3 Nc6 3. Bc4 Na5 4. Be2 Nf6 5. d3 d5 6. e5 Nd7 7. O-O e6 8. Bg5
Be7 9. Qd2 Nc6 10. Bxe7 Qxe7 11. d4 cxd4 12. Nxd4 Ncxe5 13. f4 Nc6 14. Nxc6
bxc6 15. Rf3 Nf6 16. Nc3 Ng4 17. h3 Nf6 18. Re1 Rb8 19. b3 O-O 20. Qd4 c5 21.
Qf2 d4 22. Na4 Ne4 23. Qf1 Nd2 24. Qf2 Nxf3+ 25. Qxf3 Bb7 26. Qh5 Rbc8 27. Bd3
g6 28. Qg4 f5 29. Qg3 Qf6 30. Re5 Bd5 31. c3 c4 32. bxc4 Bxc4 33. Bxc4 Rxc4 34.
Nc5 Rxc3 35. Qg5 Qxg5 36. fxg5 Re8 37. Kh2 d3 38. Nd7 Kf7 39. Nf6 Rd8 40. h4 d2
41. h5 d1=Q 42. Nxh7 0-1

[Event "X Open Primavera"]
[Site "Robecchetto con Induno ITA"]
[Date "2013.05.09"]
[Round "5"]
[White "Moroni, Luca"]
[Black "Bianchi, Alberto"]
[WhiteElo "1859"]
[BlackElo "1964"]
[Result "1/2-1/2"]
[PlyCount "150"]
[EventDate "2013.04.04"]

1. Nf3 d5 2. d4 e6 3. Bf4 Nf6 4. h3 Bd6 5. Bxd6 Qxd6 6. c3 O-O 7. e3 b6 8. Bd3
c5 9. O-O Ba6 10. Bxa6 Nxa6 11. Nbd2 Rfd8 12. Ne5 Nd7 13. Ndf3 Nf8 14. Nh2 f6
15. Nd3 c4 16. Nf4 b5 17. Qg4 Rd7 18. Nf3 Kh8 19. Qh5 g5 20. Ne2 Rg7 21. Nh2
Ng6 22. f4 Ne7 23. Ng4 Rf8 24. Nh6 Nf5 25. fxg5 Ng3 26. Nxg3 Qxg3 27. Rf3 Qxg5
28. Qxg5 Rxg5 29. Ng4 f5 30. Ne5 h5 31. Raf1 Kh7 32. Kh2 Rfg8 33. R1f2 Nc7 34.
Nd7 R8g7 35. Ne5 Rg8 36. Nd7 R5g6 37. g4 hxg4 38. hxg4 Rh6+ 39. Rh3 Rxh3+ 40.
Kxh3 fxg4+ 41. Kg3 Rg7 42. Nf6+ Kg6 43. Nxg4 Re7 44. Ne5+ Kh7 45. Rf7+ Rxf7 46.
Nxf7 Kg6 47. Nd8 Kf5 48. Nc6 a6 49. a3 Na8 50. Ne7+ Kf6 51. Nc6 Nb6 52. Nb4 Na4
53. Nxa6 Nxb2 54. Nc7 b4 55. axb4 Ke7 56. e4 Kd6 57. Nb5+ Kc6 58. Na3 Na4 59.
Nb1 Nb6 60. Kf4 Nd7 61. exd5+ Kxd5 62. Ke3 e5 63. dxe5 Nxe5 64. Na3 Ng4+ 65.
Kd2 Nf2 66. Nb5 Kc6 67. Nd4+ Kd6 68. Ne2 Ng4 69. Nf4 Kc6 70. Ke2 Kb5 71. Kf3
Nf6 72. Ke2 Ne4 73. Nd5 Ka4 74. Ke3 Nxc3 75. Nxc3+ Kxb4 1/2-1/2

[Event "X Open Primavera"]
[Site "Robecchetto con Induno ITA"]
[Date "2013.05.09"]
[Round "5"]
[White "Pogliano, Stefano"]
[Black "Troiani, Mauro"]
[WhiteElo "1988"]
[BlackElo "2005"]
[Result "1-0"]
[PlyCount "45"]
[EventDate "2013.04.04"]

1. e4 c5 2. Nf3 d6 3. d4 cxd4 4. Nxd4 Nf6 5. Bd3 Nc6 6. Nxc6 bxc6 7. c4 g6 8.
O-O Bg7 9. Nc3 O-O 10. Qe2 Qc7 11. Bf4 e5 12. Bg5 h6 13. Bd2 Re8 14. b4 Kh7 15.
b5 Bb7 16. Rfc1 a6 17. a4 axb5 18. cxb5 Qd7 19. a5 d5 20. a6 dxe4 21. Nxe4 Nxe4
22. Bxe4 f5 23. bxc6 1-0

[Event "X Open Primavera"]
[Site "Robecchetto con Induno ITA"]
[Date "2013.05.09"]
[Round "5"]
[White "Ragoso, Mario"]
[Black "Marchesotti, Giovanni"]
[WhiteElo "1650"]
[BlackElo "1540"]
[Result "1/2-1/2"]
[PlyCount "127"]
[EventDate "2013.04.04"]

1. d4 Nf6 2. c4 e6 3. Nc3 Bb4 4. Qc2 c5 5. a3 Bxc3+ 6. bxc3 d5 7. e3 Qc7 8. Bd3
cxd4 9. cxd4 dxc4 10. Qxc4 Qxc4 11. Bxc4 Bd7 12. Rb1 O-O 13. Nf3 Bc6 14. O-O
Nbd7 15. Bd2 a6 16. Rfc1 Rfc8 17. Ba5 b5 18. Be2 Be4 19. Ra1 Bb7 20. Ne1 Rxc1
21. Rxc1 Rc8 22. Rxc8+ Bxc8 23. Bf3 Nd5 24. Nd3 N7b6 25. e4 Nc4 26. exd5 Nxa5
27. d6 Nc4 28. Bb7 Nxd6 29. Bxc8 Nxc8 30. Nc5 a5 31. Kf1 Nd6 32. a4 bxa4 33.
Ke2 a3 34. Nb3 a4 35. Nc1 Nc4 36. Kd3 Nb2+ 37. Kc2 Kf8 38. Kb1 Ke7 39. Ka2 Nc4
40. Ne2 Kd6 41. Nc3 Kc6 42. g3 Kb6 43. h4 Ka5 44. f4 Kb4 45. Ne4 h6 46. g4 f5
47. gxf5 exf5 48. Ng3 g6 49. h5 gxh5 50. Nxf5 Kc3 51. d5 h4 52. Nxh4 Kd4 53. d6
Nxd6 54. Kxa3 Ke4 55. Kxa4 Kxf4 56. Ng6+ Kg5 57. Ne5 h5 58. Kb3 Kf5 59. Nf3 Kf4
60. Nh4 Kg4 61. Ng6 Kg5 62. Ne5 Nf5 63. Kc2 Kf4 64. Ng6+ 1/2-1/2

[Event "X Open Primavera"]
[Site "Robecchetto con Induno ITA"]
[Date "2013.05.09"]
[Round "5"]
[White "Redamante, Marzio"]
[Black "Sartorio, Alessandro"]
[WhiteElo "1545"]
[BlackElo "1233"]
[Result "1-0"]
[PlyCount "67"]
[EventDate "2013.04.04"]

1. c4 e5 2. Nc3 Nf6 3. g3 Bc5 4. Bg2 O-O 5. d3 d6 6. Nf3 Nc6 7. O-O Bg4 8. Na4
e4 9. Ng5 Nd4 10. Re1 exd3 11. Qxd3 Re8 12. e3 Bf5 13. e4 Bg4 14. Be3 Nd7 15.
Nxc5 dxc5 16. f4 h6 17. Nxf7 Kxf7 18. Bxd4 cxd4 19. Qxd4 Nf6 20. Qc3 Be6 21. e5
Ng4 22. Bxb7 Rb8 23. Bc6 Rf8 24. Rad1 Qe7 25. h3 Qc5+ 26. Rd4 Rbd8 27. Bd5 Bxd5
28. cxd5 Rxd5 29. Qxc5 Rxc5 30. hxg4 Rc2 31. e6+ Ke8 32. e7 c5 33. Rd8+ Kf7 34.
exf8=Q+ 1-0

[Event "X Open Primavera"]
[Site "Robecchetto con Induno ITA"]
[Date "2013.05.09"]
[Round "5"]
[White "Rossi, Emanuele"]
[Black "Ruggeri, Igor"]
[WhiteElo "1559"]
[BlackElo "1578"]
[Result "0-1"]
[PlyCount "160"]
[EventDate "2013.04.04"]

1. b4 d5 2. Bb2 e6 3. Nf3 Nf6 4. a3 Be7 5. Nc3 O-O 6. d4 b6 7. e3 Nbd7 8. b5 a6
9. Bd3 axb5 10. Bxb5 c5 11. Ne2 Ba6 12. Bxd7 Qxd7 13. Ne5 Qb5 14. Nd3 c4 15. a4
Qc6 16. Ne5 Qc7 17. c3 Bb7 18. O-O Bd6 19. f4 Ra7 20. Ng3 Bxe5 21. fxe5 Ne4 22.
Nh5 Bc6 23. Qg4 g6 24. Ba3 Rfa8 25. Nf6+ Nxf6 26. exf6 Kh8 27. Qg5 Qc8 28. Bd6
Rxa4 29. Qh6 Qg8 30. Rac1 g5 31. Be5 Qg6 32. Qh3 Ra2 33. Qxe6 Rxg2+ 34. Kxg2
Qe4+ 35. Kg1 fxe6 36. f7+ Qxe5 37. dxe5 Kg7 38. Rf6 Bd7 39. Rcf1 Rf8 40. h4 h6
41. h5 Ba4 42. Rg6+ Kh7 43. Rff6 Bc2 44. Rg8 Rxf7 45. Rb8 Kg7 46. Rxe6 Bd1 47.
Rg6+ Kh7 48. e6 Re7 49. Rxb6 Bxh5 50. Rf6 Kg7 51. Rf5 Bg4 52. Rxd5 Bxe6 53.
Rdd6 Kf7 54. Kf2 Kf6 55. e4 h5 56. Ke3 h4 57. Rb8 Rg7 58. Re8 Re7 59. Rxe7 Kxe7
60. e5 g4 61. Kf2 Bf5 62. Rh6 h3 63. Kg3 Kd7 64. Rf6 Be6 65. Rg6 Ke7 66. Rg7+
Kd8 67. Kf4 Ke8 68. Kg3 Kd8 69. Ra7 Kc8 70. Ra8+ Kd7 71. Ra6 Ke7 72. Rd6 Kf7
73. Rd4 Ke7 74. Rf4 Ke8 75. Rf2 Ke7 76. Kh4 Kd7 77. Kg5 g3 78. Rd2+ Ke7 79. Ra2
g2 80. Ra7+ Bd7 0-1

[Event "X Open Primavera"]
[Site "Robecchetto con Induno ITA"]
[Date "2013.05.09"]
[Round "5"]
[White "Rossi, Enrico"]
[Black "Madaschi, Sergio"]
[WhiteElo "1486"]
[BlackElo "1497"]
[Result "0-1"]
[PlyCount "138"]
[EventDate "2013.04.04"]

1. e4 c6 2. d4 d5 3. e5 Bf5 4. Bd3 Bxd3 5. Qxd3 e6 6. Nf3 Nd7 7. Nc3 Ne7 8. Bg5
h6 9. Bh4 Qb6 10. Rb1 Ng6 11. Bg3 Be7 12. O-O O-O 13. a3 c5 14. Na4 Qc6 15.
Nxc5 Nxc5 16. dxc5 Bxc5 17. b4 Bb6 18. Rfc1 Rad8 19. b5 Qc5 20. Rb3 d4 21. Qe4
Qd5 22. Qxd5 Rxd5 23. c4 dxc3 24. Rbxc3 Rxb5 25. h4 h5 26. Rc4 Rd8 27. a4 Rbd5
28. Kh2 Rd3 29. Rc8 R3d5 30. Rxd8+ Rxd8 31. Rc4 Ne7 32. Ng5 Nc6 33. Re4 Rd4 34.
f3 Bc7 35. f4 Rxe4 36. Nxe4 Kf8 37. Bf2 b6 38. Be3 Ke7 39. Bc1 Nd4 40. Ba3+ Ke8
41. Bd6 Bd8 42. Bb8 Nc6 43. Bd6 Kd7 44. Kg3 Be7 45. Kf3 Nd4+ 46. Ke3 Nf5+ 47.
Kd3 Bxd6 48. exd6 Nxd6 49. Ng5 f6 50. Nf3 Nb7 51. Kc4 a6 52. Nd4 Kd6 53. f5 Nc5
54. fxe6 Nxe6 55. Nf5+ Ke5 56. Ne7 Kd6 57. Nf5+ Ke5 58. Ne7 Nf4 59. g3 Ne2 60.
Nc6+ Kd6 61. Nb4 a5 62. Nd5 Kc6 63. Ne7+ Kb7 64. Nd5 Nxg3 65. Kb5 Nf5 66. Nf4
Nxh4 67. Nxh5 Nf5 68. Nf4 g5 69. Nd5 Nd6# 0-1

[Event "X Open Primavera"]
[Site "Robecchetto con Induno ITA"]
[Date "2013.05.09"]
[Round "5"]
[White "Sigismondi, Piero"]
[Black "Santoruvo, Gianfranco"]
[WhiteElo "1464"]
[BlackElo "1652"]
[Result "0-1"]
[PlyCount "84"]
[EventDate "2013.04.04"]

1. d4 d5 2. Nf3 c5 3. dxc5 Nc6 4. e3 Bg4 5. Nbd2 e5 6. Be2 Bxc5 7. Nxe5 Bxe2 8.
Nxc6 Bxd1 9. Nxd8 Rxd8 10. Kxd1 Nf6 11. Ke2 O-O 12. Re1 Rfe8 13. Kf1 Re6 14.
Nb3 Bb6 15. Nd4 Re4 16. c3 Bc7 17. Kg1 Rh4 18. h3 Ne4 19. Nf3 Rh5 20. Rd1 Rd6
21. Bd2 Rg6 22. Kf1 Ng5 23. Nxg5 Rhxg5 24. g4 Re5 25. f4 Re4 26. Kg2 h5 27. Kf3
hxg4+ 28. hxg4 Bb6 29. Rg1 Rge6 30. Rae1 Kf8 31. Rh1 Kg8 32. Rh5 d4 33. Re5
R4xe5 34. fxe5 dxc3 35. Bxc3 Bc7 36. Kf4 Kf8 37. Rd1 Ke8 38. Rh1 Ra6 39. a3 f6
40. Kf5 fxe5 41. Bxe5 Ra5 42. Ke6 Rxe5# 0-1

[Event "X Open Primavera"]
[Site "Robecchetto con Induno ITA"]
[Date "2013.05.09"]
[Round "5"]
[White "Trenti, Alessandro"]
[Black "Testa, Loris"]
[WhiteElo "1755"]
[BlackElo "1926"]
[Result "0-1"]
[PlyCount "76"]
[EventDate "2013.04.04"]

1. e4 d5 2. exd5 Nf6 3. Bb5+ Bd7 4. Bxd7+ Qxd7 5. c4 c6 6. dxc6 Nxc6 7. Nf3 e5
8. O-O Bc5 9. Nc3 O-O 10. Na4 Bd6 11. b3 e4 12. Ng5 Qf5 13. f4 Bxf4 14. g3 Qxg5
15. Rxf4 Ne5 16. Bb2 Nf3+ 17. Kg2 Rad8 18. Bc3 Rfe8 19. Qe2 Rd6 20. Rd1 Qh5 21.
Kh1 Red8 22. Nb2 Qh6 23. h4 Nh5 24. Rxf3 exf3 25. Qxf3 Qg6 26. Rg1 Nf6 27. d3
b6 28. Rg2 Ng4 29. Re2 h5 30. Kg2 Re6 31. Rxe6 Qxe6 32. Nd1 Re8 33. Bd4 Qe1 34.
Nc3 Qd2+ 35. Bf2 Qxc3 36. Qc6 Re2 37. Qc8+ Kh7 38. Qf5+ g6 0-1

[Event "X Open Primavera"]
[Site "Robecchetto con Induno ITA"]
[Date "2013.05.09"]
[Round "5"]
[White "Vada, Riccardo"]
[Black "Nava, Mario"]
[WhiteElo "1512"]
[BlackElo "1265"]
[Result "1-0"]
[PlyCount "49"]
[EventDate "2013.04.04"]

1. e4 c5 2. Nc3 e6 3. g3 Nc6 4. Bg2 Nf6 5. Nge2 Bd6 6. O-O Ne5 7. f4 Neg4 8. e5
Nxh2 9. Kxh2 Ng4+ 10. Kh3 h5 11. exd6 f5 12. Qe1 Qf6 13. Nb5 Kf8 14. Rb1 Qg6
15. Bf3 Qh6 16. d4 cxd4 17. Nexd4 h4 18. gxh4 Qxf4 19. Bxf4 Nf6 20. Be5 g5 21.
Bxf6 Rxh4+ 22. Kg3 f4+ 23. Kg2 Rh7 24. Bxg5 Rg7 25. Qh4 1-0

[Event "X Open Primavera"]
[Site "Robecchetto con Induno ITA"]
[Date "2013.05.09"]
[Round "5"]
[White "Zanin, Armando"]
[Black "Puricelli, Roberto"]
[WhiteElo "1673"]
[BlackElo "1551"]
[Result "1-0"]
[PlyCount "57"]
[EventDate "2013.04.04"]

1. c4 e6 2. Nf3 c5 3. Nc3 Nf6 4. g3 Nc6 5. Bg2 Be7 6. d3 O-O 7. O-O a6 8. a3 d5
9. cxd5 exd5 10. Rb1 d4 11. Na2 Qc7 12. Bf4 Bd6 13. Bxd6 Qxd6 14. Nd2 Be6 15.
Nc4 Bxc4 16. dxc4 Rfe8 17. b3 Re7 18. Nc3 Rae8 19. e3 b6 20. Nd5 Nxd5 21. cxd5
dxe3 22. dxc6 exf2+ 23. Kxf2 Re2+ 24. Kg1 Rd2 25. Qf3 f6 26. Rbd1 Ree2 27. Rxd2
Qxd2 28. Rf2 Qd1+ 29. Bf1 1-0

[Event "X Open Primavera"]
[Site "Robecchetto con Induno ITA"]
[Date "2013.05.16"]
[Round "6"]
[White "Barrera, Pietro"]
[Black "Moroni, Luca"]
[WhiteElo "1902"]
[BlackElo "1859"]
[Result "1/2-1/2"]
[PlyCount "42"]
[EventDate "2013.04.04"]

1. e4 c5 2. Nf3 d6 3. d4 cxd4 4. Nxd4 Nf6 5. Nc3 g6 6. Bc4 Bd7 7. f3 Bg7 8. Be3
O-O 9. Qd2 Nc6 10. O-O-O Ne5 11. Bb3 Qa5 12. Kb1 Rfc8 13. g4 Nc4 14. Bxc4 Rxc4
15. h4 Rac8 16. Nb3 Qa6 17. h5 Rxc3 18. bxc3 Bxg4 19. Qg2 Rxc3 20. Rde1 Be6 21.
Bd4 Rc4 1/2-1/2

[Event "X Open Primavera"]
[Site "Robecchetto con Induno ITA"]
[Date "2013.05.16"]
[Round "6"]
[White "Bianchi, Alberto"]
[Black "Pogliano, Stefano"]
[WhiteElo "1964"]
[BlackElo "1988"]
[Result "1/2-1/2"]
[PlyCount "80"]
[EventDate "2013.04.04"]

1. e4 c5 2. Nf3 Nc6 3. d4 cxd4 4. Nxd4 Nf6 5. Nc3 e5 6. Nxc6 bxc6 7. Bc4 Be7 8.
O-O O-O 9. Bg5 d6 10. Qe2 Qc7 11. Rfd1 Bg4 12. f3 Be6 13. Bb3 Rad8 14. Rd2 h6
15. Be3 d5 16. exd5 Nxd5 17. Nxd5 cxd5 18. c3 Bc5 19. Bxc5 Qxc5+ 20. Qf2 Qxf2+
21. Kxf2 Rd6 22. Rad1 Rfd8 23. Ke3 f5 24. f4 d4+ 25. cxd4 Bxb3 26. fxe5 Bxd1
27. exd6 Ba4 28. Kf4 Bd7 29. Ke5 Kf7 30. d5 Rb8 31. Kd4 a5 32. Re2 Rb4+ 33. Kc5
Rb5+ 34. Kc4 Kf6 35. a3 a4 36. Kd4 g5 37. Re7 Rb7 38. Rh7 Kg6 39. Re7 Kf6 40.
Rh7 Kg6 1/2-1/2

[Event "X Open Primavera"]
[Site "Robecchetto con Induno ITA"]
[Date "2013.05.16"]
[Round "6"]
[White "Giusti, Francesco"]
[Black "Redamante, Marzio"]
[WhiteElo "1559"]
[BlackElo "1545"]
[Result "1-0"]
[PlyCount "57"]
[EventDate "2013.04.04"]

1. e4 c5 2. Nf3 Nc6 3. d4 cxd4 4. Nxd4 Qb6 5. Nxc6 Qxc6 6. Nc3 a6 7. Be2 d6 8.
Bf3 Qc7 9. Nd5 Qd8 10. Be3 Be6 11. Bb6 Qc8 12. Nc7+ Kd7 13. Nxa8 Qxa8 14. c3
Kc6 15. Qd4 Qc8 16. Rd1 Kd7 17. e5 Ke8 18. b3 Bd7 19. exd6 exd6 20. O-O Be7 21.
Qxg7 Bf6 22. Qg3 Be5 23. Rfe1 Kf8 24. Rxe5 dxe5 25. Qxe5 f6 26. Bc5+ Kg7 27.
Qg3+ Kf7 28. Bh5+ Ke6 29. Qd6+ 1-0

[Event "X Open Primavera"]
[Site "Robecchetto con Induno ITA"]
[Date "2013.05.16"]
[Round "6"]
[White "Koureas, Panicos"]
[Black "Vada, Riccardo"]
[WhiteElo "1421"]
[BlackElo "1512"]
[Result "0-1"]
[PlyCount "88"]
[EventDate "2013.04.04"]

1. e4 g6 2. d4 Bg7 3. Nc3 d6 4. Bd3 Nc6 5. d5 Ne5 6. Be2 Nf6 7. Nf3 Nxf3+ 8.
Bxf3 O-O 9. O-O c6 10. Be3 cxd5 11. exd5 Bf5 12. Kh1 Qd7 13. Be2 Rfc8 14. f3
Qc7 15. Bd3 Bxd3 16. Qxd3 a6 17. Rac1 Qc4 18. Qd2 b5 19. Bh6 b4 20. Bxg7 Kxg7
21. Ne4 Nxe4 22. fxe4 Qxe4 23. Rfe1 Qh4 24. Re3 Qg5 25. Rce1 Rc5 26. Qd4+ Qf6
27. Qxb4 Rxc2 28. Rf3 Qxb2 29. Qxb2+ Rxb2 30. a4 Rd2 31. Rfe3 Ra7 32. h3 Rxd5
33. Kh2 e6 34. Kg3 Ra5 35. Ra3 Rb7 36. Kh2 Rb4 37. Rd1 d5 38. Rf1 Rbxa4 39.
Raf3 f5 40. Rc3 Rc4 41. Rb3 Rb5 42. Ra3 a5 43. Re3 Kf6 44. Rfe1 Re4 0-1